Statistics for engineers and scientists/

Saved in:
Bibliografiske detaljer
Hovedforfatter: NAVIDI, William
Format: Bog
Sprog:engelsk
Udgivet: McGraw-Hill Education, 2020
Tags: Tilføj Tag
Ingen Tags, Vær først til at tagge denne postø!

MARC

LEADER 00000nam a22000007a 4500
008 210830b ||||| |||| 00| 0 eng d
020 |a ISBN: 978-1-260-54788-7 
100 |a NAVIDI, William. 
245 |a Statistics for engineers and scientists/   |c William Navidi.  |g  xiv, 922p., ill. 
250 |b  5th ed  |c William Navidi 
260 |b  McGraw-Hill Education,   |c 2020  |h New York:   |i 696483- Sci.  |i 696484  |l QA276.4 .N22  |m 1. Mathematical statistics – Simulation methods.  |m 2. Bootstrap (Statistics).  |m 3. Linear models (Statistics).   |m 4. Engineering – Statistics methods.  |m I. Title. 
500 |a “It includes index” 
942 |a lcc  |c BK  |e j. o. ifatola  |f 30/ 08/ 2031 
952 |0 0  |1 0  |2 lcc  |4 0  |6 QA02764 N22  |7 0  |9 3292  |a SL  |b HOL  |c QZ  |d 2021-08-30  |l 0  |o QA276.4 .N22  |p 2021-67001  |r 2021-08-30 00:00:00  |w 2021-08-30  |y BK 
952 |0 0  |1 0  |2 lcc  |4 0  |6 QA02764 N22  |7 0  |9 3293  |a SL  |b HOL  |c QZ  |d 2021-08-30  |l 0  |o QA276.4 .N22  |p 2021-67002  |r 2021-08-30 00:00:00  |w 2021-08-30  |y BK 
999 |c 1644  |d 1644